Európska únia a malé podniky

Dôležitosť a význam malých podnikov ako nositeľov stability a tvorby pracovných miest. Problémy malých a stredných podnikov v čase globálnej krízy. Slovensko a aktivity zamerané na rozvoj MSP. Opatrenia Európskej únie vytvárať podnikateľské prostredie.

Saved in:
Bibliographic Details
Main Author: Gajdová, Denisa, 1977-
Format: Book Chapter
Language:Slovak
Subjects:
Tags: Add Tag
No Tags, Be the first to tag this record!

MARC

LEADER 00000naa$a2200000$$$4500
001 0109052
005 20240521121201.3
041 0 |a slo 
044 |a SK 
245 1 0 |a Európska únia a malé podniky  |c Denisa Gajdová 
520 |a Dôležitosť a význam malých podnikov ako nositeľov stability a tvorby pracovných miest. Problémy malých a stredných podnikov v čase globálnej krízy. Slovensko a aktivity zamerané na rozvoj MSP. Opatrenia Európskej únie vytvárať podnikateľské prostredie. 
610 2 0 |a Európska únia 
610 2 0 |a spolupráca medzinárodná 
610 2 0 |a prostredie podnikateľské 
610 2 0 |a podnik malý 
610 2 0 |a Slovensko 
610 2 0 |a podpora podnikania 
100 1 |a Gajdová, Denisa, 1977-